Battle Cats Enemy Traits - Statistics

General Stats
  • This quiz has been taken 375 times
  • The average score is 9 of 10
Answer Stats
Answer % Correct
Red
99%
Alien
98%
Black
97%
Aku
94%
Angel
94%
Traitless
93%
Relic
92%
Floating
91%
Metal
88%
Zombie
88%
No matching quizzes found
Score Distribution
Percent of People with Each Score
Percentile by Number Answered
Your Score History
You have not taken this quiz